Т. 17; Химия и технология высокомолекулярных соединений; Полиимиды пространственного строения; Термо- и теплостойкость полимерных материалов при кратковременном нагреве; Карбазолилсодержащие полимеры. Синтез, структура, свойства и практическое применение; Катализ равновесной полиэтерификации; Термическая и термоокислительная деструкция наполненных полимеров

Xehetasun bibliografikoak
Parent link:Химия и технология высокомолекулярных соединений: [сборник статей]/ Академия наук СССР (АН СССР), Всесоюзный институт научной и технической информации (ВИНИТИ). Т. 17.— , 1970-1991.— 0202-8069
Beste egile batzuk: Ренард Т. Л. (редактор), Васильева-Соколова Е. А.
Hizkuntza:errusiera
Argitaratua: 1982
TOC:Ю. Е. Дорошенко, А. В. Саморядов, В. В. Коршак, Полиимиды пространственного строения;
О. Ф. Шлёнский, Н. В. Афанасьев, Термо- и теплостойкость полимерных материалов при кратковременном нагреве;
М. Г. Чаусер, А. В. Ванников, Карбазолилсодержащие полимеры. Синтез, структура, свойства и практическое применение;
Р. С. Барштейн, И. А. Сорокина, Г. В. Горбунова, Катализ равновесной полиэтерификации;
М. Т. Брык, Т. В. Чубарь, В. К. Карданов, Термическая и термоокислительная деструкция наполненных полимеров;
Gaiak:
Formatua: MixedMaterials Liburua
KOHA link:https://koha.lib.tpu.ru/cgi-bin/koha/opac-detail.pl?biblionumber=318742

MARC

LEADER 00000nam2a2200000 4500
001 318742
005 20231102003116.0
035 |a (RuTPU)RU\TPU\book\344243 
035 |a RU\TPU\book\332236 
090 |a 318742 
100 |a 20160504d1982 k y0rusy50 ca 
101 0 |a rus 
102 |a RU 
105 |a a z 001zy 
200 0 |a Т. 17  |f науч. ред. Т. Л. Ренард, Е. А. Васильева-Соколова 
210 |d 1982 
215 |a 251 с.  |c ил. 
320 |a Библиография в конце статей 
461 1 |0 (RuTPU)RU\TPU\book\134299  |x 0202-8069  |t Химия и технология высокомолекулярных соединений  |o [сборник статей]  |f Академия наук СССР (АН СССР), Всесоюзный институт научной и технической информации (ВИНИТИ)  |v Т. 17  |d 1970-1991  |s Химия и технология высокомолекулярных соединений 
464 |t Полиимиды пространственного строения  |f Ю. Е. Дорошенко, А. В. Саморядов, В. В. Коршак 
464 |t Термо- и теплостойкость полимерных материалов при кратковременном нагреве  |f О. Ф. Шлёнский, Н. В. Афанасьев 
464 |t Карбазолилсодержащие полимеры. Синтез, структура, свойства и практическое применение  |f М. Г. Чаусер, А. В. Ванников 
464 |t Катализ равновесной полиэтерификации  |f Р. С. Барштейн, И. А. Сорокина, Г. В. Горбунова 
464 |t Термическая и термоокислительная деструкция наполненных полимеров  |f М. Т. Брык, Т. В. Чубарь, В. К. Карданов 
606 1 |a Высокомолекулярные соединения  |2 stltpush  |3 (RuTPU)RU\TPU\subj\72650  |9 86071 
610 1 |a химия 
610 1 |a технология 
610 1 |a полимерные материалы 
610 1 |a полиимиды 
610 1 |a отверждение 
610 1 |a термостойкость 
610 1 |a теплостойкость 
610 1 |a нагрев 
610 1 |a синтез 
610 1 |a полимеры 
610 1 |a полимеризация 
610 1 |a катализ 
610 1 |a этерификация 
610 1 |a деструкция 
675 |a 678  |v 3 
702 1 |a Ренард  |b Т. Л.  |4 340 
702 1 |a Васильева-Соколова  |b Е. А.  |4 340 
801 1 |a RU  |b 63413507  |c 20060417  |g PSBO 
801 2 |a RU  |b 63413507  |c 20200515  |g PSBO 
942 |c BK